000 00334 a2200145 4500
001 168335
020 _a
040 _cMagnum
100 _aCastellani Filho, Lino
240 1 0 _aPolitica educacional e educacao fisica
_lpor
245 1 0 _aPolitica educacional e educacao fisica
362 0 _a1899
697 _aENSINO
942 _cBK
999 _c168335
_d168335